[Event "South America-ch U20 13th"]
[Site "Manta"]
[Date "2017.04.29"]
[Round "8"]
[White "Bermudez Veliz, Alejandro"]
[Black "Jacome, Esteban"]
[Result "1-0"]
[WhiteElo "1491"]
[BlackElo "1579"]
[PlyCount "113"]
[EventDate "2017.04.25"]
[EventType "swiss"]
[EventRounds "9"]
[EventCountry "ECU"]
[SourceTitle "CBM 178 Extra"]
[Source "ChessBase"]
[SourceDate "2017.06.22"]
[SourceVersion "1"]
[SourceVersionDate "2017.06.22"]
[SourceQuality "1"]

1. d4 f5 2. Bf4 Nf6 3. Nf3 e6 4. e3 b6 5. Be2 Bb7 6. Nbd2 Be7 7. h3 0-0 8. 0-0 Ne4 9. Nxe4 Bxe4 10. Nd2 Bb7 11. Bf3 Bxf3 12. Qxf3 Nc6 13. c4 Bf6 14. Rab1 Kh8 15. b4 e5 16. dxe5 Nxe5 17. Qg3 d6 18. Rfd1 g5 19. Bxe5 Bxe5 20. f4 Bf6 21. Nf3 g4 22. hxg4 fxg4 23. Qxg4 Qe7 24. Kf2 Rg8 25. Qh3 Rae8 26. Rb3 Qe4 27. Rc1 Re7 28. g4 Qe6 29. Kg3 Reg7 30. g5 Qe4 31. Kf2 Be7 32. Nd4 Rf7 33. Qe6 Qxe6 34. Nxe6 Bxg5 35. Nxg5 Rxg5 36. Rg1 Rh5 37. Ra3 c6 38. Rd3 Rh6 39. c5 bxc5 40. bxc5 d5 41. Rb3 Rg6 42. Rxg6 hxg6 43. Kg3 Kg7 44. Rb8 Rc7 45. Kg4 Kf6 46. Rd8 Re7 47. Rd6+ Re6 48. Rxe6+ Kxe6 49. Kg5 Kf7 50. f5 gxf5 51. Kxf5 Ke7 52. Ke5 Kd7 53. Kf6 a5 54. a4 Kc7 55. Ke7 Kb8 56. Kd7 Kb7 57. Kd6 1-0

[Event "South America-ch U20 13th"]
[Site "Manta"]
[Date "2017.04.27"]
[Round "4"]
[White "Matute Moncada, Israel"]
[Black "Jacome, Esteban"]
[Result "1-0"]
[WhiteElo "1713"]
[BlackElo "1579"]
[PlyCount "65"]
[EventDate "2017.04.25"]
[EventType "swiss"]
[EventRounds "9"]
[EventCountry "ECU"]
[SourceTitle "CBM 178 Extra"]
[Source "ChessBase"]
[SourceDate "2017.06.22"]
[SourceVersion "1"]
[SourceVersionDate "2017.06.22"]
[SourceQuality "1"]

1. d4 f5 2. e4 fxe4 3. Nc3 Nf6 4. Bg5 g6 5. f3 e3 6. Bd3 Bg7 7. Qe2 0-0 8. Qxe3 Nc6 9. 0-0-0 d6 10. h4 e5 11. Bc4+ Kh8 12. Nge2 exd4 13. Nxd4 Ne5 14. Bb3 a5 15. Rh2 Re8 16. Qd2 Bd7 17. a3 b5 18. h5 b4 19. Nd5 bxa3 20. h6 axb2+ 21. Kb1 a4 22. hxg7+ Kxg7 23. Bxf6+ Qxf6 24. Qh6+ Kf7 25. Nxf6+ axb3 26. Nxd7 bxc2+ 27. Kxc2 Nxd7 28. Qxh7+ Kf6 29. Qxd7 Reb8 30. Qe6+ Kg7 31. Qe7+ Kg8 32. Qh7+ Kf8 33. Ne6+ 1-0

[Event "South America-ch U20 13th"]
[Site "Manta"]
[Date "2017.04.25"]
[Round "1"]
[White "Jacome, Esteban"]
[Black "Medrano, Sebastian"]
[Result "0-1"]
[WhiteElo "1579"]
[BlackElo "2075"]
[PlyCount "82"]
[EventDate "2017.04.25"]
[EventType "swiss"]
[EventRounds "9"]
[EventCountry "ECU"]
[SourceTitle "CBM 178 Extra"]
[Source "ChessBase"]
[SourceDate "2017.06.22"]
[SourceVersion "1"]
[SourceVersionDate "2017.06.22"]
[SourceQuality "1"]

1. e4 c5 2. Nf3 Nf6 3. Nc3 Nc6 4. d4 d5 5. exd5 Nxd5 6. Bc4 Nxc3 7. bxc3 e6 8. 0-0 Be7 9. Qe2 0-0 10. Rd1 Qc7 11. Be3 cxd4 12. cxd4 Rd8 13. Bd3 b6 14. c4 Bb7 15. Rac1 Nb4 16. Bb1 Bxf3 17. Qxf3 Rac8 18. a3 Na6 19. Bf4 Bd6 20. Bxd6 Qxd6 21. Qd3 g6 22. Qb3 Rc7 23. Qa4 Nb8 24. Ba2 Rdc8 25. Qb4 Qxb4 26. axb4 b5 27. c5 Nc6 28. Rb1 Rd7 29. d5 exd5 30. Rxd5 Rcd8 31. Rbd1 Rxd5 32. Rxd5 Rxd5 33. Bxd5 Nxb4 34. Bf3 Kf8 35. c6 Ke7 36. c7 Kd7 37. Bd1 Kxc7 38. Bb3 f6 39. Bg8 h6 40. Bh7 a5 41. Bxg6 a4 0-1

[Event "Carpuela CupT U20 6th"]
[Site "Carpuela"]
[Date "2015.06.02"]
[Round "2.4"]
[White "Jacome, Esteban"]
[Black "Montero Cedillo, Aly"]
[Result "1-0"]
[WhiteElo "1608"]
[BlackElo "1507"]
[PlyCount "61"]
[EventDate "2015.06.01"]
[EventType "team-swiss"]
[EventRounds "7"]
[EventCountry "ECU"]
[SourceTitle "CBM 166 Extra"]
[Source "ChessBase"]
[SourceDate "2015.06.18"]
[SourceVersion "1"]
[SourceVersionDate "2015.06.18"]
[SourceQuality "1"]
[WhiteTeam "Pichincha"]
[BlackTeam "El Oro"]
[WhiteTeamCountry "ECU"]
[BlackTeamCountry "ECU"]

1. e4 Nf6 2. e5 Nd5 3. d4 d6 4. c4 Nb6 5. exd6 exd6 6. Nc3 Be7 7. Be3 0-0 8. Bd3 Nc6 9. Nge2 Bg5 10. 0-0 Re8 11. Qd2 Bxe3 12. fxe3 Nb4 13. Rf3 Nxd3 14. Qxd3 Be6 15. b3 d5 16. c5 Nd7 17. Raf1 Nf6 18. Ng3 h6 19. Nf5 Bxf5 20. Qxf5 Re6 21. Rg3 c6 22. Ne2 Qe7 23. Qh3 Ne4 24. Rg4 Ng5 25. Qh5 Rxe3 26. h4 Ne4 27. Qxh6 g5 28. hxg5 Nd2 29. g6 f6 30. g7 Kf7 31. Qh5+ 1-0

[Event "Pan American-ch U12"]
[Site "Cali"]
[Date "2011.07.04"]
[Round "3"]
[White "Arismendi Polanco, Efrain Steven"]
[Black "Jacome, Esteban"]
[Result "1/2-1/2"]
[WhiteElo "1616"]
[BlackElo "1450"]
[PlyCount "31"]
[EventDate "2011.07.03"]
[EventType "swiss"]
[EventRounds "9"]
[EventCountry "COL"]
[SourceTitle "CBM 143 Extra"]
[Source "ChessBase"]
[SourceDate "2011.08.29"]
[SourceVersion "1"]
[SourceVersionDate "2011.08.29"]
[SourceQuality "1"]

1. e4 c5 2. Nf3 d6 3. d4 cxd4 4. Nxd4 Nf6 5. Nc3 g6 6. Be3 Bg7 7. f3 0-0 8. Qd2 Nc6 9. 0-0-0 d5 10. Nxc6 bxc6 11. exd5 cxd5 12. Nxd5 Nxd5 13. Qxd5 Qc7 14. Qc5 Qb8 15. Qb5 Qc7 16. Qc5 1/2-1/2

[Event "Pan American-ch U12"]
[Site "Cali"]
[Date "2011.07.04"]
[Round "2"]
[White "Jacome, Esteban"]
[Black "Gomez, Juan Andres"]
[Result "0-1"]
[WhiteElo "1450"]
[BlackElo "1880"]
[PlyCount "46"]
[EventDate "2011.07.03"]
[EventType "swiss"]
[EventRounds "9"]
[EventCountry "COL"]
[SourceTitle "EXT 2024"]
[Source "ChessBase"]
[SourceDate "2023.10.10"]
[SourceVersion "1"]
[SourceVersionDate "2023.10.10"]
[SourceQuality "1"]

1. e4 e5 2. Nc3 Nc6 3. Bc4 Nf6 4. f4 Bb4 5. d3 d5 6. exd5 Nxd5 7. Nge2 0-0 8. 0-0 Bc5+ 9. Kh1 Ne3 10. Bxe3 Bxe3 11. Qe1 Bb6 12. Qg3 exf4 13. Nxf4 Ne7 14. Ne4 Nf5 15. Qf3 Ne3 16. Rfc1 Qh4 17. g3 Qh6 18. Qh5 Qxh5 19. Nxh5 Bg4 20. Bxf7+ Rxf7 21. Nf4 Bf3+ 22. Kg1 Nxc2+ 23. Kf1 Nxa1 0-1